[Event "World Blitz 2023"]
[Site "Samarkand UZB"]
[Date "2023.12.30"]
[Round "21.34"]
[White "Bologan, Victor"]
[Black "Piorun, Kacper"]
[Result "0-1"]
[WhiteElo "2489"]
[BlackElo "2589"]
[EventDate "2023.12.29"]

1. e4 e6 2. d4 d5 3. exd5 exd5 4. Nf3 Bd6 5. c4 dxc4 6. Bxc4 Nf6 7. O-O O-O
8. Nc3 Nc6 9. h3 h6 10. Re1 Re8 11. Be3 Bf5 12. Nh4 Bh7 13. Qf3 Qd7 14. Bb5
a6 15. Bxc6 Qxc6 16. d5 Qc4 17. Nf5 Bxf5 18. Qxf5 Re5 19. Qf3 Rae8 20. Red1
Bc5 21. Bxh6 Qh4 22. Bd2 g6 23. Qf4 Qh8 24. Re1 Rf5 25. Rxe8+ Nxe8 26. Qa4
Bxf2+ 27. Kh1 Nd6 28. Qd7 Qd4 29. Rd1 Bg3 30. Qd8+ Kh7 31. Qxc7 0-1

[Event "World Blitz 2023"]
[Site "Samarkand UZB"]
[Date "2023.12.30"]
[Round "21.35"]
[White "Vasquez Schroeder, Rodrigo"]
[Black "Vetokhin, Savva"]
[Result "1/2-1/2"]
[WhiteElo "2582"]
[BlackElo "2483"]
[EventDate "2023.12.29"]

1. e4 c5 2. Nf3 d6 3. d4 cxd4 4. Nxd4 Nf6 5. Nc3 Nc6 6. Bg5 e6 7. Qd2 a6 8.
O-O-O Bd7 9. f4 Be7 10. Nf3 b5 11. Bxf6 gxf6 12. Kb1 Qb6 13. g3 O-O-O 14.
Bg2 Kb8 15. Rhe1 Rc8 16. Ne2 Rc7 17. Ned4 Rhc8 18. Nxc6+ Bxc6 19. Nd4 Bb7
20. c3 a5 21. Bf1 Rc5 22. Nb3 R5c7 23. Nd4 Rc5 24. a3 Bf8 25. Bd3 h5 26.
Nb3 R5c7 27. Qe3 Qxe3 28. Rxe3 b4 29. cxb4 axb4 30. axb4 d5 31. b5 Bc5 32.
Nxc5 Rxc5 33. e5 fxe5 34. Rxe5 d4 35. Rde1 Ka7 36. Rxc5 Rxc5 37. Re5 Kb6
38. Rxc5 Kxc5 39. Kc1 f6 40. Be2 e5 41. fxe5 fxe5 42. Bxh5 e4 43. Bg6 d3
44. h4 Kd4 45. Bxe4 Bxe4 46. Kd2 Kc5 47. g4 Kxb5 48. h5 Kc4 49. g5 Bf3 50.
g6 Be4 51. g7 Bh7 52. b4 1/2-1/2

[Event "World Blitz 2023"]
[Site "Samarkand UZB"]
[Date "2023.12.30"]
[Round "21.36"]
[White "Brunello, Sabino"]
[Black "Pranesh, M"]
[Result "1-0"]
[WhiteElo "2573"]
[BlackElo "2481"]
[EventDate "2023.12.29"]

1. d4 d5 2. Bf4 e6 3. e3 Bd6 4. Bg3 h5 5. Nf3 h4 6. Bxd6 Qxd6 7. Nbd2 Nf6
8. c4 c6 9. h3 Nbd7 10. Rc1 e5 11. cxd5 cxd5 12. dxe5 Nxe5 13. Bb5+ Bd7 14.
Bxd7+ Nfxd7 15. O-O Kf8 16. Qb3 b6 17. Rfd1 Rh5 18. Nxe5 Nxe5 19. f4 Nd7
20. Ne4 Qe7 21. Ng5 Nf6 22. Nf3 Re8 23. Ne5 Kg8 24. Rc6 Rf5 25. Qc2 Ne4 26.
Rxd5 Ng3 27. a3 f6 28. Rd7 Qf8 29. Ng6 Rxe3 30. Qc4+ Kh7 31. Nxf8+ Kh6 32.
Rd1 Re7 33. Qg8 Ne2+ 34. Kh1 Nxf4 35. Qh7+ Kg5 36. Rc4 Rf7 37. Ne6+ Nxe6
38. Rg4# 1-0

[Event "World Blitz 2023"]
[Site "Samarkand UZB"]
[Date "2023.12.30"]
[Round "21.37"]
[White "Vrolijk, Liam"]
[Black "Zvjaginsev, Vadim"]
[Result "0-1"]
[WhiteElo "2487"]
[BlackElo "2570"]
[EventDate "2023.12.29"]

1. d4 d6 2. e4 g6 3. Nf3 Bg7 4. Be3 c5 5. c3 cxd4 6. cxd4 Nf6 7. Nc3 Ng4 8.
Bg5 h6 9. Bh4 g5 10. Bg3 Nc6 11. Bc4 Nf6 12. h3 Nxe4 13. Bxf7+ Kxf7 14.
Nxe4 Qa5+ 15. Nc3 Qa6 16. Qb3+ Kg6 17. h4 Bf5 18. O-O-O Rac8 19. Rhe1 Bf6
20. Qd5 Qa5 21. Qxa5 Nxa5 22. hxg5 hxg5 23. Ng1 b5 0-1

[Event "World Blitz 2023"]
[Site "Samarkand UZB"]
[Date "2023.12.30"]
[Round "21.38"]
[White "Henriquez Villagra, Cristobal"]
[Black "Hong, Andrew"]
[Result "1-0"]
[WhiteElo "2568"]
[BlackElo "2460"]
[EventDate "2023.12.29"]

1. g3 d5 2. Bg2 c6 3. Nf3 Bg4 4. O-O Nd7 5. d3 Ngf6 6. c4 Bxf3 7. Bxf3 dxc4
8. dxc4 Ne5 9. Qb3 Qb6 10. Be3 Qa6 11. Bf4 Nxf3+ 12. exf3 e6 13. Nc3 Bc5
14. Be5 Be7 15. Rad1 O-O 16. Bxf6 Bxf6 17. Rd7 Rad8 18. Rfd1 b6 19. Ne4
Rxd7 20. Rxd7 Be5 21. f4 Qc8 22. Qd3 Bxb2 23. Ng5 g6 24. Nxf7 Bg7 25. Ng5
Qe8 26. Qd6 e5 27. Rxg7+ Kxg7 28. Ne6+ Kg8 29. Qxf8+ Qxf8 30. Nxf8 Kxf8 31.
fxe5 b5 32. cxb5 cxb5 33. Kf1 Ke7 34. f4 Ke6 35. Ke2 Kd5 36. Kd3 a5 37. Kc3
h5 1-0

[Event "World Blitz 2023"]
[Site "Samarkand UZB"]
[Date "2023.12.30"]
[Round "21.39"]
[White "Demchenko, Anton"]
[Black "Bilguun, Sumiya"]
[Result "1-0"]
[WhiteElo "2545"]
[BlackElo "2407"]
[EventDate "2023.12.29"]

1. e4 c5 2. Nf3 e6 3. g3 Nc6 4. Bg2 Nf6 5. Qe2 e5 6. d3 d6 7. O-O Be7 8.
Na3 O-O 9. Nc4 Re8 10. a4 h6 11. Ne3 Bf8 12. b3 Nd4 13. Qd1 Bd7 14. Nd2 Bc6
15. c3 Ne6 16. Nd5 Nc7 17. c4 Ne6 18. Bb2 Nd4 19. f4 Bxd5 20. cxd5 exf4 21.
gxf4 g6 22. Nc4 Bg7 23. Bxd4 cxd4 24. Qf3 Nh5 25. Rae1 a6 26. a5 Rc8 27. e5
Bf8 28. f5 Ng7 29. fxg6 fxg6 30. Qf7+ Kh7 31. Rf6 dxe5 32. Qxg6+ Kg8 33.
Be4 Qxf6 34. Qxf6 Be7 35. Qxh6 1-0

[Event "World Blitz 2023"]
[Site "Samarkand UZB"]
[Date "2023.12.30"]
[Round "21.40"]
[White "Zeng, Chongsheng"]
[Black "Garayev, Kanan"]
[Result "1-0"]
[WhiteElo "2504"]
[BlackElo "2260"]
[EventDate "2023.12.29"]

1. c4 e6 2. Nf3 d5 3. e3 Nf6 4. b3 b6 5. Bb2 Bb7 6. Qc2 c5 7. cxd5 exd5 8.
d4 Nc6 9. Nbd2 Rc8 10. dxc5 Bxc5 11. Qf5 d4 12. exd4 Qe7+ 13. Be2 Ba6 14.
O-O g6 15. Qh3 Ng8 1-0

[Event "World Blitz 2023"]
[Site "Samarkand UZB"]
[Date "2023.12.30"]
[Round "21.41"]
[White "Agmanov, Zhandos"]
[Black "Xiu, Deshun"]
[Result "1-0"]
[WhiteElo "2407"]
[BlackElo "2493"]
[EventDate "2023.12.29"]

1. e4 e5 2. Nf3 Nc6 3. Bb5 a6 4. Ba4 Nf6 5. O-O Be7 6. Re1 b5 7. Bb3 O-O 8.
a4 b4 9. d3 d6 10. c3 Rb8 11. Nbd2 Na5 12. Ba2 c5 13. d4 cxd4 14. cxd4 Qc7
15. h3 Bd7 16. b3 Rfc8 17. Bb2 Qc2 18. Rb1 Qxd1 19. Rexd1 Rc2 20. Ne1 Rxd2
21. Rxd2 Nxe4 22. Re2 Bf5 23. Rc1 Bf6 24. dxe5 Bxe5 25. Bxe5 dxe5 26. Rc7
f6 27. Bb1 Nc3 28. Rxc3 Bxb1 29. Rc7 Bf5 30. Rb2 Be6 31. Nd3 Nxb3 32. Rc6
Bf7 33. Rxa6 Bc4 34. Rd6 e4 35. Nf4 Bf7 36. Nd5 Nc5 37. Ne7+ Kf8 38. Nc6
Rb6 39. a5 Ra6 40. Rxb4 Be8 41. Rb8 Kf7 42. Nd8+ Kg6 43. Rxa6 Nxa6 44. Rb6
Nc5 45. a6 1-0

[Event "World Blitz 2023"]
[Site "Samarkand UZB"]
[Date "2023.12.30"]
[Round "21.42"]
[White "Tsaruk, Maksim"]
[Black "Xu, Xiangyu"]
[Result "0-1"]
[WhiteElo "2378"]
[BlackElo "2491"]
[EventDate "2023.12.29"]

1. g4 d5 2. h3 e5 3. Bg2 Bc5 4. c4 dxc4 5. Qa4+ c6 6. Qxc4 Qb6 7. e3 Be6 8.
Qc3 Nf6 9. Ne2 Nbd7 10. a3 a5 11. d3 O-O 0-1

[Event "World Blitz 2023"]
[Site "Samarkand UZB"]
[Date "2023.12.30"]
[Round "21.43"]
[White "Chanda, Sandipan"]
[Black "Abdisalimov, Abdimalik"]
[Result "0-1"]
[WhiteElo "2490"]
[BlackElo "2417"]
[EventDate "2023.12.29"]

1. d4 Nf6 2. c4 e6 3. Nc3 Bb4 4. e3 O-O 5. Bd2 d5 6. Nf3 b6 7. Rc1 Re8 8.
cxd5 exd5 9. Bd3 Bf8 10. Ne5 c5 11. O-O Bb7 12. f4 Nc6 13. Bb5 Re6 14. Be1
cxd4 15. Bxc6 Bxc6 16. exd4 Bb7 17. Bh4 Qe8 18. f5 Rd6 19. Bxf6 Rxf6 20.
Qd3 b5 21. a3 b4 22. axb4 Bxb4 23. Rfe1 Qd8 24. Kh1 Rc8 0-1

[Event "World Blitz 2023"]
[Site "Samarkand UZB"]
[Date "2023.12.30"]
[Round "21.44"]
[White "Kazhgaleyev, Murtas"]
[Black "Pichot, Alan"]
[Result "0-1"]
[WhiteElo "2488"]
[BlackElo "2592"]
[EventDate "2023.12.29"]

1. d4 Nf6 2. c4 e6 3. Nc3 Bb4 4. e3 O-O 5. Bd3 Re8 6. Ne2 d5 7. cxd5 exd5
8. a3 Bf8 9. O-O b6 10. b3 Ba6 11. Bb2 c6 12. Rc1 Bxd3 13. Qxd3 Nbd7 14.
Ng3 Rc8 15. Rfe1 c5 16. dxc5 Nxc5 17. Qd1 g6 18. b4 Ne6 19. Nb5 Rxc1 20.
Qxc1 a5 21. bxa5 bxa5 22. Rd1 Bg7 23. Qc6 Qb8 24. a4 Rc8 25. Qd6 Qxd6 26.
Nxd6 Rc2 27. Bxf6 Bxf6 28. Rxd5 0-1

[Event "World Blitz 2023"]
[Site "Samarkand UZB"]
[Date "2023.12.30"]
[Round "21.46"]
[White "Gaehwiler, Gabriel"]
[Black "Jumabayev, Rinat"]
[Result "0-1"]
[WhiteElo "2448"]
[BlackElo "2561"]
[EventDate "2023.12.29"]

1. e4 c5 2. Nf3 d6 3. d4 cxd4 4. Nxd4 Nf6 5. Nc3 Nc6 6. g3 Bg4 7. f3 Bd7 8.
Be3 e6 9. Qd2 a6 10. g4 h6 11. Be2 b5 12. a3 Rc8 13. Nxc6 Bxc6 14. h4 Nd7
15. O-O-O Bb7 16. g5 Ne5 17. gxh6 gxh6 18. Kb1 Nc4 19. Bxc4 Rxc4 20. Bf4
Qc7 21. Bxd6 Bxd6 22. Qxd6 Qxd6 23. Rxd6 Ke7 24. Rd2 Rg8 25. Nd1 Rg3 26.
Ne3 Rc7 27. Rf1 Bxe4 28. fxe4 Rxe3 29. Rdf2 Ke8 30. Rf4 Re2 31. c3 Rd7 32.
R1f2 Rd1+ 33. Ka2 Rdd2 34. Rxe2 Rxe2 35. Kb3 Ke7 36. a4 bxa4+ 37. Ka3 h5
38. e5 Rxe5 39. Rxa4 a5 40. b4 axb4+ 41. cxb4 f5 42. Ra7+ Kd6 43. Ka4 f4
44. Rf7 Rf5 45. Rg7 f3 46. Rg1 f2 47. Rf1 e5 48. Kb3 e4 49. Kc3 e3 50. Kd3
Re5 51. Ke2 Kc6 52. Rb1 Kb5 53. Rb2 Rf5 54. Rb1 Rf4 55. Rf1 Re4 0-1

[Event "World Blitz 2023"]
[Site "Samarkand UZB"]
[Date "2023.12.30"]
[Round "21.47"]
[White "Galchenko, Matvey"]
[Black "Khismatullin, Denis"]
[Result "0-1"]
[WhiteElo "2424"]
[BlackElo "2552"]
[EventDate "2023.12.29"]

1. e4 d6 2. d4 Nf6 3. Nc3 e5 4. Nf3 Nbd7 5. Bc4 Be7 6. O-O O-O 7. Re1 c6 8.
a4 exd4 9. Nxd4 Ne5 10. Ba2 Re8 11. h3 Ng6 12. Qf3 Ne5 13. Qd1 Bd7 14. Bf4
Qa5 15. Nf3 Rad8 16. Rb1 Bf8 17. b4 Qc7 18. Qe2 Be6 19. Bxe6 Rxe6 20. Nd4
Ree8 21. Bh2 g6 22. f4 Ned7 23. Kh1 Bg7 24. Qd3 a6 25. Nf3 b5 26. axb5 cxb5
27. Ra1 Qb7 28. f5 Nb6 29. Ra2 Nc4 30. fxg6 hxg6 31. Nd4 Nh5 32. Raa1 Nf6
33. Rab1 Nd7 34. Nd5 Ndb6 35. Nxb6 Qxb6 36. Nf3 Qb7 37. Ng5 Bf6 38. Nf3 Re6
39. Re2 Rde8 40. Rbe1 Nb2 41. Qb3 Rxe4 42. Rxe4 Rxe4 43. Rf1 Nc4 44. Qd3
Kg7 45. Bg1 Qe7 46. Bd4 Bxd4 47. Nxd4 Re3 48. Qd1 Qe4 49. Nf3 d5 50. Qa1+
Kg8 51. Qxa6 Re2 52. Qc8+ Kg7 53. Qc7 Rxc2 54. Qg3 Ne3 55. Re1 Rxg2 56.
Qe5+ Qxe5 57. Nxe5 Rg3 58. Kh2 Nf5 59. Rd1 d4 60. Nc6 Rb3 61. Ra1 Rc3 62.
Na7 Rc2+ 63. Kg1 d3 64. Rd1 d2 65. Kf2 Nd6 66. Ke2 Rc7 67. Ra1 Nc4 68. Nxb5
Re7+ 69. Kf2 Rb7 70. Nc3 Rxb4 71. Ke2 Rb7 72. Kd3 Rc7 73. Rg1 f5 74. Nd5
Rc5 75. Nf4 d1=Q+ 76. Rxd1 Nb2+ 77. Ke2 Re5+ 78. Kd2 Nxd1 0-1

[Event "World Blitz 2023"]
[Site "Samarkand UZB"]
[Date "2023.12.30"]
[Round "21.48"]
[White "Najer, Evgeniy"]
[Black "Suleymenov, Alisher"]
[Result "1-0"]
[WhiteElo "2545"]
[BlackElo "2326"]
[EventDate "2023.12.29"]

1. e4 c5 2. Nf3 Nc6 3. Bb5 g6 4. O-O Bg7 5. c3 e5 6. d4 cxd4 7. cxd4 exd4
8. Bf4 a6 9. Bc4 d6 10. Ng5 Nh6 11. Nd2 O-O 12. h3 Be5 13. Qf3 Qf6 14. g3
Be6 15. Rac1 Bxc4 16. Nxc4 Rfe8 17. Nb6 Rad8 18. Nd5 Qg7 19. Bxe5 Nxe5 20.
Qf4 Nd3 21. Nf6+ Kh8 22. Nxe8 Nxf4 23. Nxg7 Ne2+ 24. Kg2 Nxc1 25. Rxc1 Kxg7
26. Rc7 Kf6 27. f4 b5 28. Nxh7+ Kg7 29. Ng5 a5 30. Ne6+ 1-0

[Event "World Blitz 2023"]
[Site "Samarkand UZB"]
[Date "2023.12.30"]
[Round "21.50"]
[White "Van Foreest, Lucas"]
[Black "Begmuratov, Khumoyun"]
[Result "1-0"]
[WhiteElo "2519"]
[BlackElo "2276"]
[EventDate "2023.12.29"]

1. e4 c5 2. Qg4 Nf6 3. Qh4 Nc6 4. Nf3 d6 5. Bb5 Bd7 6. d3 e6 7. O-O Be7 8.
Bg5 h6 9. Bxc6 Bxc6 10. Nc3 O-O 11. Bxf6 Bxf6 12. Qg3 Qc7 13. Rfd1 b5 14.
Rab1 Rfd8 15. Ne2 Rac8 16. Nf4 g6 17. Re1 Bg7 18. h4 Qe7 19. c3 e5 20. Nd5
Bxd5 21. exd5 Qd7 22. Nd2 Kh7 23. c4 f5 24. b3 Rf8 25. Qf3 h5 26. cxb5 Qxb5
27. Nc4 Rcd8 28. g3 Qb7 29. Kg2 Rf7 30. a3 Qa6 31. b4 e4 32. Qd1 cxb4 33.
Rxb4 Re7 34. dxe4 fxe4 35. Qa4 Qc8 36. Ne3 Rde8 37. Rc4 Qb8 38. Rec1 Qb2
39. R4c2 Qf6 40. Qc4 Qf3+ 41. Kg1 Be5 42. Qe2 Qf7 43. Rc6 Rf8 44. Rd1 Rb7
45. Nc4 Rd7 46. Nxe5 dxe5 47. Re6 Rxd5 48. Rxd5 Qxe6 49. Qxe4 Qb6 50. Rd7+
Kh6 51. Qc2 Qf6 52. Qd2+ g5 53. hxg5+ Qxg5 54. Rd6+ 1-0

[Event "World Blitz 2023"]
[Site "Samarkand UZB"]
[Date "2023.12.30"]
[Round "21.51"]
[White "Amilal, Munkhdalai"]
[Black "Savchenko, Boris"]
[Result "0-1"]
[WhiteElo "2293"]
[BlackElo "2513"]
[EventDate "2023.12.29"]

1. e4 c5 2. Nf3 d6 3. Bb5+ Nd7 4. d4 a6 5. Bxd7+ Bxd7 6. O-O e6 7. c4 cxd4
8. Qxd4 b5 9. Bg5 Qc7 10. cxb5 axb5 11. Rc1 Qb7 12. Nc3 h6 13. Bh4 b4 14.
Nd5 exd5 15. exd5 f6 16. Qe4+ Kf7 17. Nd4 g5 18. Ne6 Ne7 19. Qe2 Qxd5 20.
Nc7 Qf5 21. Nxa8 gxh4 22. Rc7 Rg8 23. Nb6 Be6 24. Nc4 Bxc4 25. Qxc4+ d5 26.
Qxh4 Rg4 27. Qh3 Qe6 28. Rcc1 Re4 29. Qxe6+ Rxe6 30. a4 Ra6 31. Rc5 Ke6 32.
Rb5 Nc6 33. a5 Bd6 34. Rb6 Rxa5 35. Re1+ Kd7 36. Rb7+ Bc7 37. Rd1 Rc5 38.
f4 d4 39. Kf2 Rc2+ 40. Kf3 f5 41. g4 fxg4+ 42. Kxg4 Rxb2 43. f5 Rg2+ 44.
Kh5 Rg5+ 45. Kxh6 Rxf5 46. h4 Rd5 47. h5 Kc8 48. Rxc7+ Kxc7 49. Rh1 d3 50.
Kg7 d2 51. h6 d1=Q 52. Rxd1 Rxd1 53. h7 Rd7+ 54. Kg8 Ne7+ 0-1

[Event "World Blitz 2023"]
[Site "Samarkand UZB"]
[Date "2023.12.30"]
[Round "21.52"]
[White "Khusnutdinov, Rustam"]
[Black "Gokerkan, Cem Kaan"]
[Result "0-1"]
[WhiteElo "2499"]
[BlackElo "2365"]
[EventDate "2023.12.29"]

1. Nc3 d5 2. e4 d4 3. Nce2 e5 4. Nf3 f6 5. Ng3 h5 6. Nh4 Ne7 7. Nxh5 Be6 8.
Qf3 Nbc6 9. a3 Qd7 10. h3 O-O-O 11. d3 Kb8 12. Be2 Qd6 13. g3 Qc5 14. Bd1
g5 15. Ng2 f5 16. Bxg5 fxe4 17. dxe4 d3 18. c3 d2+ 19. Bxd2 Rxd2 20. Kxd2
Bh6+ 21. Ke1 Rf8 22. Nhf4 exf4 23. Nxf4 Ne5 24. Qe3 Qb5 25. b3 Bc8 26. c4
Qc6 27. Qe2 Bxf4 28. gxf4 Rxf4 29. Bc2 Nf3+ 30. Kd1 Nd4 31. Qe3 Nxc2 32.
Kxc2 Rxe4 33. Qd2 Bf5 34. Kb2 Qf6+ 35. Ka2 a5 36. Rae1 a4 37. Rxe4 axb3+
38. Kxb3 Bxe4 39. Re1 Qb6+ 40. Ka2 Bf5 41. Qb2 Qc5 42. Rc1 Nc6 43. Qc3
Qxf2+ 44. Ka1 Qc5 45. h4 Nd4 46. h5 Ne2 47. Qb2 Nxc1 48. Qxc1 Qd4+ 49. Ka2
Be6 50. Kb3 Qd3+ 51. Kb4 Qd6+ 52. Kb3 Qb6+ 53. Ka2 Qd4 54. Kb3 b5 0-1

[Event "World Blitz 2023"]
[Site "Samarkand UZB"]
[Date "2023.12.30"]
[Round "21.53"]
[White "Ganguly, Surya Shekhar"]
[Black "Akhmedov, David"]
[Result "1/2-1/2"]
[WhiteElo "2549"]
[BlackElo "2154"]
[EventDate "2023.12.29"]

1. Nf3 Nf6 2. c4 e6 3. Nc3 d5 4. e3 Be7 5. b3 dxc4 6. Bxc4 O-O 7. Bb2 a6 8.
O-O b5 9. Be2 Bb7 10. a4 b4 11. Nb1 a5 12. d3 Nbd7 13. Nbd2 Nd5 14. Rc1 c5
15. Nc4 Bf6 16. d4 cxd4 17. Nxd4 Nc5 18. Bf3 Rc8 19. Re1 Ba6 20. e4 Bxc4
21. Rxc4 Nb6 22. Rc1 e5 23. Nf5 Qxd1 24. Rexd1 Nxb3 25. Rxc8 Rxc8 26. Bxe5
Rc1 27. Bxf6 gxf6 28. Rxc1 Nxc1 29. Bd1 b3 30. Ne7+ Kf8 31. Nc6 b2 32. Bc2
Nxa4 33. Nxa5 Nc3 34. Nc4 b1=Q 35. Bxb1 Nxb1 36. Kf1 Nc3 37. f3 Nd3 38. g4
Ne5 39. Nd2 Nd3 40. Kg2 Ke7 41. Kg3 Ke6 42. Nc4 Ne2+ 43. Kh4 Ne5 44. Nd2
Kd6 45. Kh5 Kc5 46. Kh6 Kd4 47. Kxh7 Ke3 48. Nb3 Kxf3 49. h3 Nf4 50. Kg7
Nxh3 51. Kxf6 Kxe4 52. Nc5+ Kf4 53. Nd3+ Nxd3 54. Kxf7 Ng5+ 55. Kf6 Ne5 56.
Ke7 Nc6+ 57. Kd6 Nd4 58. Kd5 Nde6 59. Kd6 Ke4 60. Kc6 Ke5 61. Kb5 Kd5 62.
Kb4 Nd4 63. Kc3 Kc5 64. Kd3 Kd5 65. Kc3 Nde6 66. Kb4 Nd4 67. Kc3 Ne4+ 68.
Kd3 Ng5 69. Kc3 Nc6 70. Kd3 Kc5 71. Ke3 Kd5 72. Kf4 Ne6+ 73. Kf5 Ne7+ 74.
Kf6 Kd6 75. g5 Nd5+ 76. Kf5 Ke7 77. g6 Ng7+ 78. Ke5 Nf6 79. Kd4 Kd6 80. Kc4
Nd5 81. Kd4 Nc7 82. Ke4 Nce6 83. Kd3 Kd5 84. Ke3 Nd4 85. Kf4 Nc6 86. Kg5
Ke6 87. Kf4 Kd5 88. Kg5 Ke5 89. Kg4 Nd4 90. Kg3 Ke4 91. Kf2 Kf4 92. Kg2 Ke3
93. Kg3 Nde6 94. Kg2 Nf4+ 95. Kg3 Nfh5+ 96. Kg2 Ke2 97. Kh3 Kf3 98. Kh4 Kf4
99. Kh3 Nf6 100. Kg2 Ne4 101. Kf1 Ke3 102. Ke1 Nf2 103. Kf1 Nd3 104. Kg2
Nf5 105. g7 Nf4+ 106. Kh2 Nxg7 1/2-1/2

[Event "World Blitz 2023"]
[Site "Samarkand UZB"]
[Date "2023.12.30"]
[Round "21.54"]
[White "Zhalmakhanov, Ramazan"]
[Black "Rakhmatullaev, Almas"]
[Result "0-1"]
[WhiteElo "2427"]
[BlackElo "2218"]
[EventDate "2023.12.29"]

1. Nc3 g6 2. d4 Bg7 3. e4 d6 4. Be3 e6 5. Qd2 b6 6. h4 h5 7. Nh3 Bb7 8. Ng5
Nd7 9. Bc4 Qe7 10. Nb5 Ndf6 11. f3 a6 12. Nc3 d5 13. exd5 Nxd5 14. Bxd5
exd5 15. O-O-O O-O-O 16. Rhe1 Qd7 17. a4 Nh6 18. a5 Nf5 19. axb6 cxb6 20.
Bf4 Rhe8 21. b3 Bc6 22. Rxe8 Rxe8 23. Qf2 f6 24. Nh3 Bf8 25. Kb2 Kb7 26.
Ng1 Qe7 27. Nge2 a5 28. Ra1 a4 29. g4 a3+ 30. Ka2 Ne3 31. Rc1 hxg4 32. fxg4
Nxg4 33. Qg3 f5 34. Bg5 Qd6 35. Nf4 Re3 36. Qg1 Rxc3 37. Qe1 Re3 38. Qd2
Be7 39. Nd3 Bxg5 40. hxg5 Bb5 41. Ne5 Re2 42. Qc3 Nxe5 43. dxe5 Qxe5 0-1

[Event "World Blitz 2023"]
[Site "Samarkand UZB"]
[Date "2023.12.30"]
[Round "21.55"]
[White "Zverev, Lev"]
[Black "Gorovets, Andrey"]
[Result "0-1"]
[WhiteElo "2299"]
[BlackElo "2418"]
[EventDate "2023.12.29"]

1. e4 c5 2. Nf3 Nc6 3. d4 cxd4 4. Nxd4 Nf6 5. Nc3 e5 6. Ndb5 d6 7. Bg5 a6
8. Na3 Be6 9. Nc4 Rb8 10. Ne3 Be7 11. Bxf6 Bxf6 12. Ncd5 Bg5 13. c3 O-O 14.
Be2 Ne7 15. Nxe7+ Qxe7 16. Nd5 Bxd5 17. Qxd5 Rfc8 18. O-O Rc5 19. Qb3 Qc7
20. Rad1 g6 21. Rd3 Kg7 22. Rfd1 Be7 23. g3 b5 24. Rd5 h5 25. Qa3 Qb6 26.
h4 Rbc8 27. Qb3 R5c6 28. R1d2 Bd8 29. a4 bxa4 30. Qxa4 a5 31. Qa3 Bc7 32.
Rb5 Qa7 33. b4 Bb6 34. Bd3 Rxc3 35. Qb2 a4 36. Rd5 a3 37. Qa2 Qe7 38. Kg2
Qf6 39. Rb5 R8c6 40. Rd1 Rc2 0-1

[Event "World Blitz 2023"]
[Site "Samarkand UZB"]
[Date "2023.12.30"]
[Round "21.56"]
[White "O`gorman, Tom"]
[Black "Urazayev, Arystanbek"]
[Result "0-1"]
[WhiteElo "2288"]
[BlackElo "2408"]
[EventDate "2023.12.29"]

1. e4 c5 2. Nf3 e6 3. Nc3 a6 4. g3 b5 5. Bg2 Bb7 6. d4 cxd4 7. Nxd4 Nc6 8.
O-O Nxd4 9. Qxd4 Rc8 10. Re1 Qc7 11. Be3 Ne7 12. Qd2 Ng6 13. Rad1 Be7 14.
f4 d6 15. a3 O-O 16. h4 Bf6 17. h5 Nh8 18. Bd4 e5 19. fxe5 Bxe5 20. Bxe5
dxe5 21. h6 Ng6 22. hxg7 Kxg7 23. Qf2 Rcd8 24. Rxd8 Rxd8 25. Nd1 Bc8 26.
Ne3 Kf8 27. Nf5 Qc6 28. Qe3 Qf6 29. Qh6+ Kg8 30. Rf1 Be6 31. g4 Qh8 32. g5
Re8 33. Bf3 Nf4 34. Rd1 Bxf5 35. exf5 Qg7 36. Qxg7+ Kxg7 37. Rd6 e4 38. Bg4
e3 39. Rd1 f6 40. gxf6+ Kxf6 41. Re1 h5 42. Bf3 Kxf5 43. Bb7 a5 44. Ba6 Re5
45. b3 b4 46. axb4 axb4 47. Bc4 Ke4 48. Kh2 Rg5 49. Bb5 Rg2+ 50. Kh1 Rxc2
51. Be8 h4 52. Bd7 e2 53. Kh2 Ke3 54. Bf5 Rd2 0-1

[Event "World Blitz 2023"]
[Site "Samarkand UZB"]
[Date "2023.12.30"]
[Round "21.57"]
[White "Rojas Salas, Steven"]
[Black "Pingin, Artem"]
[Result "1-0"]
[WhiteElo "2210"]
[BlackElo "2358"]
[EventDate "2023.12.29"]

1. d4 d5 2. c4 e6 3. Nc3 Nf6 4. Nf3 Nbd7 5. Bg5 c6 6. e3 Qa5 7. Nd2 Bb4 8.
Qc2 dxc4 9. Bxf6 Nxf6 10. Nxc4 Qc7 11. a3 Be7 12. b4 O-O 13. Bd3 b6 14. Ne4
h6 15. Ne5 Bb7 16. Rc1 Rac8 17. O-O c5 18. bxc5 Bxe4 19. Bxe4 bxc5 20. Bf3
Bd6 21. Qa4 Bxe5 22. dxe5 Nd7 23. Be4 Nxe5 24. Bb1 c4 25. Rc3 Ng4 26. g3
Ne5 27. Qc2 g6 28. Qe4 f5 29. Qc2 Nf3+ 30. Kg2 Qc6 31. e4 Nd4 32. Qd2 Nb5
33. Qxh6 Rc7 34. Re3 Rg7 35. a4 Nd6 36. Rd1 fxe4 37. Qg5 Nf7 38. Qb5 Qxb5
39. axb5 Rb8 40. Rxe4 Rxb5 41. Rxc4 Ne5 42. Re4 Rc7 43. Ba2 Kf7 44. Rde1
Kf6 45. Rf4+ Kg7 46. Rfe4 Nd3 47. R1e3 Nc5 48. Re5 Rb2 49. Bxe6 Nxe6 50.
Rxe6 a5 51. Ra6 Ra2 52. Ree6 a4 53. Rxg6+ Kh7 54. Rgc6 Rd7 55. Rd6 Rb7 56.
Rdb6 Rd7 57. h4 1-0

[Event "World Blitz 2023"]
[Site "Samarkand UZB"]
[Date "2023.12.30"]
[Round "21.58"]
[White "Sattarov, Bobir"]
[Black "Oro, Faustino"]
[Result "1-0"]
[WhiteElo "2351"]
[BlackElo "2105"]
[EventDate "2023.12.29"]

1. e4 e5 2. Bc4 Nf6 3. Qf3 Nc6 4. Ne2 Bc5 5. h3 d6 6. d3 Be6 7. c3 d5 8.
Bb3 dxe4 9. dxe4 Bxb3 10. axb3 O-O 11. O-O h6 12. Ng3 Nh7 13. Nf5 Qf6 14.
b4 Bb6 15. Nd2 Ne7 16. Qg4 Kh8 17. Nc4 Nxf5 18. exf5 Rad8 19. Re1 Rfe8 20.
Be3 Bxe3 21. Rxe3 a6 22. Rae1 Rd5 23. f4 e4 24. Ne5 Red8 25. Rxe4 Kg8 26.
R1e3 Nf8 27. Rg3 Rd1+ 28. Kh2 Rc1 29. Rd3 Rxd3 30. Nxd3 Rc2 31. Qd1 Qxf5
32. Re5 Rc1 33. Qxc1 Qxd3 34. Qe3 Qc2 35. Re8 1-0

[Event "World Blitz 2023"]
[Site "Samarkand UZB"]
[Date "2023.12.30"]
[Round "21.59"]
[White "Mustafaev, Jamshid"]
[Black "Vescovi, Giovanni"]
[Result "0-1"]
[WhiteElo "2323"]
[BlackElo "2593"]
[EventDate "2023.12.29"]

1. e4 c5 2. Nf3 e6 3. d3 Nc6 4. g3 g6 5. Bg2 Bg7 6. O-O Nf6 7. Nbd2 O-O 8.
Re1 e5 9. Nc4 d6 10. Bg5 h6 11. Bxf6 Bxf6 12. a4 Bg7 13. Nfd2 Be6 14. Ne3
f5 15. Nd5 f4 16. c3 Kh7 17. Nc4 Qd7 18. a5 Rae8 19. Qa4 a6 20. Qb3 h5 21.
h4 Rf7 22. Rad1 Ref8 23. Rd2 Bh6 24. Rc2 g5 25. hxg5 Bxg5 26. gxf4 Bxf4 27.
Nxf4 Rxf4 28. Re3 h4 29. Rd2 Rg8 30. Kh2 Rg6 31. Qd1 Bg4 32. Qh1 Kg7 33.
Bh3 Nd8 34. Qf1 Nf7 35. Nb6 Qe6 36. Nd5 Ng5 37. Bg2 Rf8 38. f4 exf4 39.
Nxf4 Qe5 40. Rf2 Rxf4 41. Rxf4 Ne6 42. d4 Qxf4+ 43. Qxf4 Nxf4 0-1